1459 1788 1838 1249 1307 1752 1640 1323 1468 1912 1778 1191 1353 1115 1221 1486 1646 1867 1672 1210 1054 1079 1911 1978 1358 1036 1416 1480 1349 1146 1214 1250 1907 1344 1233 1558 1517 1983 1040 1806 1848 1534 1069 1034 1610 1990 1814 1685 1357 1300 1584 1879 1495 1528 1820 1934 1175 1932 1482 1664 1146 1917 1893 1682 1630 1839 1839 1314 1578 1868 1175 1064 1269 1596 1963 1843 1913 1069 1360 1053 1732 1203 1610 1904 1359 1585 1573 1886 1646 1594 1742 1717 1195 1459 1537 1546 1405 1839 1266 BCNSPRNW ULIB Ver.6.0+V

เปลี่ยนเป็นภาษาไทย

Change to English
 แสดงรายละเอียดบรรณานุกรม
  กลับหน้าหลัก

Brief Record : Get Marc (ISO 2709) : E-mail record : QR code < ปิดหน้าต่าง
LEADER : 00000nam 2200000uu 4500
001    13399112420
003     ULIB
008    110815s2549||||th 000 0 tha d
020    9749535486
020    9789749535455
040    cl
050  4 HM2513^bด82ศ 2549
100 0  แดง ใบเล่
245 10 ศิลปะแห่งการทรยศหักหลัง /^cแดง ใบเล่
260    กรุงเทพฯ :^bผู้จัดการ,^c2549
300    176 หน้า ;^c21 ซม.
945    ^p130^l0^i018619
995    ทศพร
999 ^a ทศพร
รายการนี้ยังไม่มีแท็ก
คุณยังไม่ได้ล็อกอิน คุณสามารถมีกิจกรรมร่วมกับเว็บไซต์ได้ แต่ต้องล็อกอินก่อน ::
  ล็อกอิน

รายการสื่อสารสนเทศ

ลำดับที่ ประเภท เลขเรียก/บาร์โค้ด สถานที่ สถานะ
- ไม่พบข้อมูล -

BibComment


ยังไม่เคยถูกคอมเมนท์

คอมเมนท์ทรัพยากรรายการนี้
  คอมเมนท์: ศิลปะแห่งการทรยศห..


 Copyright 2026. Bcnsprnw @Library